000 00978cam a2200301 i 4500
003 EG-ScBUE
005 20240929095910.0
008 180319t1998 maua f d 001 0 eng d
020 _a9870669451250
020 _a0669451258
040 _aEG-ScBUE
_beng
_erda
_cEG-ScBUE
_dEG-ScBUE
082 0 4 _222
_a515
_bCAL
245 0 0 _aCalculus concepts :
_ban informal approach to the mathematics of change /
_cDonald R. Latorre [and four others]
250 _aFirst edition.
264 1 _aBoston ;
_aNew York :
_bHoughton Mifflin Harcourt,
_c[1998]
264 4 _cc1998
300 _a1 volume (various pagings) :
_billustrations ;
_c24 cm
336 _2rdacontent
_atext
_btxt
337 _aunmediated
_2rdamedia
_bn
338 _avolume
_bnc
_2rdacarrier
500 _aIncludes glossary.
500 _aIncludes index.
650 7 _2BUEsh
_92017
_aCalculus.
653 _bGGEN
_cMarch2018
655 _vReading book
700 1 _aLaTorre, D. R.
_c(Don R.)
_eauthor.
942 _2ddc
_cBB
999 _c26337
_d26309